000 00619nam a2200193Ia 4500
005 20250508162304.0
008 008 250505s9999 xx 000 0 eng d
037 _aTextual
040 _aFEDL
_beng
_cFEDL
041 _aeng
_2eng
084 _a371.967, SIN
_qFEDL
100 _aDurganand Singh Ed.
_9772756
245 0 _aDeprivation : Its social roots and psychological consequences
260 _aNew Delhi, India
_bConcept Publishing Company
_c1982
300 _axii,269p
700 _a Tripathi R C Ed. Misra Girishwar Ed.
_9772757
942 _cTEXL
_h371.967, SIN
999 _c1375610
_d1375610